[Event "COL-chT rapid"]
[Site "Cartagena"]
[Date "2019.11.29"]
[Round "5.4"]
[White "Martinez Paipa, Hernan"]
[Black "De la Asuncion Ortiz, Angel Mario"]
[Result "0-1"]
[WhiteElo "1888"]
[BlackElo "1734"]
[PlyCount "74"]
[EventDate "2019.11.29"]
[EventType "team-swiss"]
[EventRounds "7"]
[EventCountry "COL"]
[SourceTitle "CBM 193 Extra"]
[Source "ChessBase"]
[SourceDate "2020.01.31"]
[SourceVersion "1"]
[SourceVersionDate "2020.01.31"]
[SourceQuality "1"]
[WhiteTeam "Norte de Santander"]
[BlackTeam "Atlantico"]
[WhiteTeamCountry "COL"]
[BlackTeamCountry "COL"]

1. e4 e5 2. Nf3 Nc6 3. Bb5 Nge7 4. 0-0 g6 5. d3 Bg7 6. Be3 0-0 7. Qd2 d6 8. Bh6 Bg4 9. Bxg7 Kxg7 10. Ne1 Nd4 11. Ba4 b5 12. Bb3 Be2 13. c3 Nxb3 14. axb3 Bxf1 15. Kxf1 f5 16. Nf3 fxe4 17. dxe4 Qd7 18. Na3 Qc6 19. Re1 h6 20. Nc2 a5 21. h3 Rf4 22. Qd3 Raf8 23. Na3 b4 24. Nc4 Qc5 25. Ra1 Nc6 26. Ne3 Ne7 27. Nc4 Qc6 28. Ncd2 bxc3 29. bxc3 g5 30. g3 R4f7 31. Rxa5 Nc8 32. b4 Nb6 33. b5 Qd7 34. Kg2 Qe6 35. c4 Nxc4 36. Nxc4 Rxf3 37. Ra2 Rxd3 0-1

[Event "COL pre olympic sf3"]
[Site "Cartagena"]
[Date "2019.08.17"]
[Round "7"]
[White "De la Asuncion Ortiz, Angel Mario"]
[Black "Caicedo Anguila, Juliana Andrea"]
[Result "1-0"]
[WhiteElo "1774"]
[BlackElo "1547"]
[PlyCount "51"]
[EventDate "2019.08.14"]
[EventType "swiss"]
[EventRounds "10"]
[EventCountry "COL"]
[SourceTitle "EXT 2020"]
[Source "ChessBase"]
[SourceDate "2019.10.17"]
[SourceVersion "1"]
[SourceVersionDate "2019.10.17"]
[SourceQuality "1"]

1. d4 d5 2. c4 c6 3. Nc3 Nf6 4. Bf4 e6 5. c5 Be7 6. e3 0-0 7. h3 b6 8. b4 Nbd7 9. Nf3 Bb7 10. Bd3 a5 11. a3 axb4 12. axb4 Rxa1 13. Qxa1 Qa8 14. 0-0 Qxa1 15. Rxa1 Ra8 16. Rxa8+ Bxa8 17. Bc7 bxc5 18. bxc5 Kf8 19. Ba6 Ke8 20. Na4 Ne4 21. Nb6 Nxb6 22. cxb6 Bd6 23. Ne5 f6 24. Nd3 Kd7 25. Bxd6 Kxd6 26. b7 1-0

[Event "COL pre olympic sf3"]
[Site "Cartagena"]
[Date "2019.08.17"]
[Round "6"]
[White "Lopez Idarraga, Daniel Eduardo"]
[Black "De la Asuncion Ortiz, Angel Mario"]
[Result "1-0"]
[WhiteElo "1975"]
[BlackElo "1774"]
[PlyCount "125"]
[EventDate "2019.08.14"]
[EventType "swiss"]
[EventRounds "10"]
[EventCountry "COL"]
[SourceTitle "EXT 2020"]
[Source "ChessBase"]
[SourceDate "2019.10.17"]
[SourceVersion "1"]
[SourceVersionDate "2019.10.17"]
[SourceQuality "1"]

1. d4 d5 2. c4 e6 3. Nc3 Nf6 4. cxd5 exd5 5. Bg5 Nbd7 6. e3 c6 7. Bd3 Be7 8. Nge2 Nf8 9. 0-0 Ng6 10. Qc2 Be6 11. Ng3 Qd6 12. Nf5 Bxf5 13. Bxf5 0-0 14. b4 h6 15. Bxf6 Qxf6 16. Rab1 Nh4 17. Bh3 Bd6 18. b5 Rae8 19. a4 g5 20. Bg4 h5 21. Bxh5 Qh6 22. Qd1 f5 23. g3 Re7 24. Bf3 g4 25. Bh1 Rh7 26. Re1 Ng6 27. Bg2 Qxh2+ 28. Kf1 Bxg3 29. fxg3 Qxg3 30. Qc2 Nh4 31. Qf2 f4 32. Qxg3 fxg3+ 33. Kg1 Nf3+ 34. Bxf3 gxf3 35. Rf1 Rh2 36. Nd1 Kg7 37. Rb2 Rh6 38. bxc6 bxc6 39. Nf2 Rfh8 40. Rb7+ Kg6 41. Nh3 f2+ 42. Nxf2 gxf2+ 43. Rxf2 Rh1+ 44. Kg2 R1h2+ 45. Kf1 Rxf2+ 46. Kxf2 Rh7 47. Rb8 Rc7 48. a5 c5 49. Rd8 c4 50. Ke2 c3 51. Kd1 Re7 52. Rxd5 Rxe3 53. Kc2 Kf6 54. Rd7 Re7 55. Rxe7 Kxe7 56. Kxc3 a6 57. d5 Kd6 58. Kc4 Kd7 59. Kc5 Kc7 60. d6+ Kd7 61. Kd5 Kd8 62. Kc6 Kc8 63. Kb6 1-0

[Event "COL pre olympic sf3"]
[Site "Cartagena"]
[Date "2019.08.15"]
[Round "3"]
[White "De la Asuncion Ortiz, Angel Mario"]
[Black "Corredor Rengifo, Luis Fernando"]
[Result "1/2-1/2"]
[WhiteElo "1774"]
[BlackElo "2095"]
[PlyCount "112"]
[EventDate "2019.08.14"]
[EventType "swiss"]
[EventRounds "10"]
[EventCountry "COL"]
[SourceTitle "EXT 2020"]
[Source "ChessBase"]
[SourceDate "2019.10.17"]
[SourceVersion "1"]
[SourceVersionDate "2019.10.17"]
[SourceQuality "1"]

1. d4 Nf6 2. c4 e6 3. a3 c5 4. Nf3 cxd4 5. Nxd4 Be7 6. Nc3 d5 7. cxd5 Nxd5 8. Nxd5 Qxd5 9. Qc2 Bd7 10. e3 Nc6 11. Nxc6 Bxc6 12. e4 Qxe4+ 13. Qxe4 Bxe4 14. Bb5+ Kf8 15. f3 Bd5 16. Be3 a6 17. Bd3 Bf6 18. Rb1 Rc8 19. Ke2 Ke7 20. b4 Be5 21. f4 Bd6 22. f5 e5 23. Rhd1 Bxg2 24. Rg1 Bd5 25. Rbd1 Bb3 26. Rd2 g6 27. Be4 gxf5 28. Bxf5 Bc4+ 29. Kf2 Be6 30. Be4 Bb8 31. Bc5+ Kf6 32. Rd3 Rxc5 33. bxc5 Ba7 34. Rc1 Rc8 35. Bxb7 Rxc5 36. Rxc5 Bxc5+ 37. Kf3 a5 38. Bd5 Bxd5+ 39. Rxd5 Bxa3 40. Rxa5 Bb2 41. Ke4 Kg5 42. h4+ Kg4 43. Ra6 f5+ 44. Ke3 Bd4+ 45. Kd3 h5 46. Rg6+ Kxh4 47. Rg8 Kh3 48. Rg5 h4 49. Rxf5 Kg2 50. Rg5+ Kf3 51. Rf5+ Kg4 52. Ke4 h3 53. Rf7 h2 54. Rh7 Kg3 55. Rg7+ Kf2 56. Rh7 Kg2 1/2-1/2

[Event "COL-chT Liga Quintal"]
[Site "Barranquilla"]
[Date "2019.05.26"]
[Round "5.1"]
[White "Esquivia Cuadrado, Franklin Javier"]
[Black "De la Asuncion Ortiz, Angel Mario"]
[Result "1-0"]
[WhiteElo "2082"]
[BlackElo "1727"]
[PlyCount "53"]
[EventDate "2019.03.17"]
[EventType "team-tourn"]
[EventRounds "7"]
[EventCountry "COL"]
[SourceTitle "EXT 2024"]
[Source "ChessBase"]
[SourceDate "2023.10.10"]
[SourceVersion "1"]
[SourceVersionDate "2023.10.10"]
[SourceQuality "1"]
[WhiteTeam "Petrossian A"]
[BlackTeam "Ajedrez Baranoa"]
[WhiteTeamCountry "COL"]
[BlackTeamCountry "COL"]

1. c4 c5 2. Nc3 g6 3. g3 Bg7 4. Bg2 Nc6 5. d3 d6 6. e4 e5 7. Nge2 Be6 8. 0-0 Nge7 9. a3 0-0 10. b4 Qd7 11. bxc5 dxc5 12. Nd5 Rfd8 13. Be3 Nd4 14. Nxd4 exd4 15. Bg5 Bxd5 16. exd5 Re8 17. Rb1 h6 18. Bf4 g5 19. Bd2 Rab8 20. Qh5 Ng6 21. Bh3 Qd6 22. f4 gxf4 23. Bxf4 Nxf4 24. Rxf4 Qg6 25. Qxg6 fxg6 26. Be6+ Kh8 27. Rf7 1-0

[Event "COL-chT Interligas"]
[Site "Palmira"]
[Date "2019.04.29"]
[Round "6.4"]
[White "De la Asuncion Ortiz, Angel Mario"]
[Black "Castillo, Ricardo"]
[Result "0-1"]
[WhiteElo "1727"]
[BlackElo "1986"]
[PlyCount "63"]
[EventDate "2019.04.27"]
[EventType "team-swiss"]
[EventRounds "6"]
[EventCountry "COL"]
[SourceTitle "CBM 190 Extra"]
[Source "ChessBase"]
[SourceDate "2019.07.15"]
[SourceVersion "1"]
[SourceVersionDate "2019.07.15"]
[SourceQuality "1"]
[WhiteTeam "Atlantico"]
[BlackTeam "Cundinamarca"]
[WhiteTeamCountry "COL"]
[BlackTeamCountry "COL"]

1. d4 d5 2. c4 c6 3. cxd5 cxd5 4. Nc3 Nc6 5. Nf3 Nf6 6. Bf4 e6 7. e3 Be7 8. Bd3 0-0 9. 0-0 Nh5 10. Bg3 Nxg3 11. hxg3 f5 12. a3 Bd6 13. b4 g5 14. Qc2 g4 15. Nd2 Qg5 16. Ne2 Rf6 17. f4 gxf3 18. Rxf3 e5 19. dxe5 Nxe5 20. Kf2 Nxf3 21. Nxf3 Qg7 22. Rh1 Rg6 23. Bxf5 Bxf5 24. Qxf5 Bxg3+ 25. Nxg3 Rxg3 26. Qxd5+ Kh8 27. Rxh7+ Kxh7 28. Qh5+ Kg8 29. Qd5+ Qf7 30. Qxf7+ Kxf7 31. Kxg3 Rc8 32. Kf4 0-1

[Event "COL-ch sf1"]
[Site "Medellin"]
[Date "2019.04.21"]
[Round "10"]
[White "De la Asuncion Ortiz, Angel Mario"]
[Black "Molina Ballesteros, Juan Sebastian"]
[Result "1-0"]
[WhiteElo "1727"]
[BlackElo "1506"]
[PlyCount "71"]
[EventDate "2019.04.16"]
[EventType "swiss"]
[EventRounds "10"]
[EventCountry "COL"]
[SourceTitle "CBM 190 Extra"]
[Source "ChessBase"]
[SourceDate "2019.07.15"]
[SourceVersion "1"]
[SourceVersionDate "2019.07.15"]
[SourceQuality "1"]

1. d4 Nf6 2. c4 e6 3. Nf3 b6 4. g3 Bb7 5. Bg2 Be7 6. 0-0 0-0 7. Nc3 d6 8. Re1 Ne4 9. Qc2 f5 10. Nd2 d5 11. cxd5 exd5 12. Ndxe4 dxe4 13. Be3 Bg5 14. Bxg5 Qxg5 15. e3 Nc6 16. Rac1 Kh8 17. a3 Rac8 18. Ne2 Ne7 19. Qa4 a5 20. Nf4 Qf6 21. b4 Bc6 22. Qb3 g5 23. Ne2 axb4 24. axb4 Nd5 25. b5 Bb7 26. Nc3 Nxc3 27. Rxc3 Rfe8 28. Qc2 Qd6 29. Rc1 Re7 30. f3 exf3 31. Bxf3 Be4 32. Bxe4 Rxe4 33. Rxc7 Rxc7 34. Qxc7 Qxc7 35. Rxc7 Rxe3 36. Rf7 1-0

[Event "COL-ch sf1"]
[Site "Medellin"]
[Date "2019.04.20"]
[Round "9"]
[White "Munoz Monroy, Cinthya Carolina"]
[Black "De la Asuncion Ortiz, Angel Mario"]
[Result "1-0"]
[WhiteElo "2011"]
[BlackElo "1727"]
[PlyCount "43"]
[EventDate "2019.04.16"]
[EventType "swiss"]
[EventRounds "10"]
[EventCountry "COL"]
[SourceTitle "CBM 190 Extra"]
[Source "ChessBase"]
[SourceDate "2019.07.15"]
[SourceVersion "1"]
[SourceVersionDate "2019.07.15"]
[SourceQuality "1"]

1. e4 d5 2. exd5 Qxd5 3. Nc3 Qa5 4. d4 Nf6 5. Nf3 Bg4 6. h3 Bh5 7. g4 Bg6 8. Ne5 Nbd7 9. Nc4 Qa6 10. d5 Ne4 11. Nxe4 Bxe4 12. f3 Bg6 13. Be3 e6 14. Qd2 b5 15. Na5 exd5 16. a4 Qe6 17. Bxb5 Bc5 18. Kf2 Bxe3+ 19. Qxe3 Qxe3+ 20. Kxe3 Ke7 21. Rhe1 Kd6 22. Nb7+ 1-0

[Event "COL-ch sf1"]
[Site "Medellin"]
[Date "2019.04.19"]
[Round "6"]
[White "De la Asuncion Ortiz, Angel Mario"]
[Black "Matta, Paola Andrea"]
[Result "1/2-1/2"]
[WhiteElo "1727"]
[BlackElo "1988"]
[PlyCount "54"]
[EventDate "2019.04.16"]
[EventType "swiss"]
[EventRounds "10"]
[EventCountry "COL"]
[SourceTitle "CBM 190 Extra"]
[Source "ChessBase"]
[SourceDate "2019.07.15"]
[SourceVersion "1"]
[SourceVersionDate "2019.07.15"]
[SourceQuality "1"]

1. d4 Nf6 2. c4 e6 3. a3 b6 4. Nc3 Bb7 5. Bg5 Be7 6. e3 d5 7. cxd5 exd5 8. Nf3 0-0 9. Bd3 h6 10. Bf4 Nbd7 11. Qc2 c5 12. 0-0 Rc8 13. Bf5 cxd4 14. exd4 Rc4 15. b3 Rc6 16. Qd3 Nh5 17. Nxd5 Nxf4 18. Nxf4 Rf6 19. Be4 Bxe4 20. Qxe4 Bd6 21. Nd3 Re6 22. Qb7 Bb8 23. Rac1 Re7 24. Rfe1 Ne5 25. Qe4 Nxf3+ 26. Qxf3 Rxe1+ 27. Rxe1 Qxd4 1/2-1/2

[Event "COL-ch sf1"]
[Site "Medellin"]
[Date "2019.04.17"]
[Round "3"]
[White "Franco, William"]
[Black "De la Asuncion Ortiz, Angel Mario"]
[Result "1-0"]
[WhiteElo "2086"]
[BlackElo "1727"]
[PlyCount "35"]
[EventDate "2019.04.16"]
[EventType "swiss"]
[EventRounds "10"]
[EventCountry "COL"]
[SourceTitle "CBM 190 Extra"]
[Source "ChessBase"]
[SourceDate "2019.07.15"]
[SourceVersion "1"]
[SourceVersionDate "2019.07.15"]
[SourceQuality "1"]

1. c4 Nf6 2. g3 d5 3. cxd5 Nxd5 4. Bg2 g6 5. Nc3 Nb6 6. d4 Bg7 7. Nf3 0-0 8. 0-0 c6 9. Qd3 Na6 10. Rd1 Nb4 11. Qb1 Bg4 12. a3 N4d5 13. h3 Bd7 14. Ne4 Qc8 15. Kh2 Bf5 16. Nh4 Nc4 17. Qa2 Ncb6 18. Nc5 1-0

[Event "COL-chT Liga Quintal"]
[Site "Barranquilla"]
[Date "2019.03.17"]
[Round "1.1"]
[White "De la Hoz Paternina, Felix Daniel"]
[Black "De la Asuncion Ortiz, Angel Mario"]
[Result "0-1"]
[WhiteElo "1469"]
[BlackElo "1727"]
[PlyCount "36"]
[EventDate "2019.03.17"]
[EventType "team-tourn"]
[EventRounds "7"]
[EventCountry "COL"]
[SourceTitle "EXT 2024"]
[Source "ChessBase"]
[SourceDate "2023.10.10"]
[SourceVersion "1"]
[SourceVersionDate "2023.10.10"]
[SourceQuality "1"]
[WhiteTeam "Quintal D"]
[BlackTeam "Ajedrez Baranoa"]
[WhiteTeamCountry "COL"]
[BlackTeamCountry "COL"]

1. d4 d5 2. c4 e6 3. Nc3 Nf6 4. cxd5 exd5 5. Bg5 Nbd7 6. e3 c6 7. Nf3 Be7 8. Rc1 0-0 9. Bd3 Re8 10. 0-0 Ne4 11. Bxe7 Qxe7 12. Re1 h6 13. a3 Ndf6 14. b4 Bg4 15. Be2 a5 16. Qb3 Nxf2 17. Kxf2 Qxe3+ 18. Kf1 Ne4 0-1

[Event "COL-ch sf2 U18"]
[Site "Cartagena"]
[Date "2017.03.11"]
[Round "4.2"]
[White "De la Asuncion Ortiz, Angel Mario"]
[Black "Mora Suarez, Juan Felipe"]
[Result "1-0"]
[WhiteElo "1679"]
[BlackElo "1798"]
[PlyCount "51"]
[EventDate "2017.03.09"]
[EventType "swiss"]
[EventRounds "5"]
[EventCountry "COL"]
[SourceTitle "EXT 2024"]
[Source "ChessBase"]
[SourceDate "2023.10.10"]
[SourceVersion "1"]
[SourceVersionDate "2023.10.10"]
[SourceQuality "1"]

1. d4 d5 2. c4 dxc4 3. Nf3 Nf6 4. Nc3 e6 5. Bg5 Be7 6. e3 0-0 7. Bxc4 c5 8. 0-0 a6 9. dxc5 Nc6 10. a3 Bxc5 11. Qc2 b5 12. Nxb5 axb5 13. Bxb5 Qb6 14. Bxc6 Qxc6 15. Bxf6 Qd5 16. Rfd1 Qh5 17. Be5 Be7 18. Qc7 Bf6 19. Bxf6 gxf6 20. Rd8 Rxd8 21. Qxd8+ Kg7 22. Qc7 Qb5 23. b4 Bb7 24. Nd4 Qxb4 25. Nxe6+ Kg8 26. Qg3+ 1-0

[Event "Atlantico Region-ch U18"]
[Site "Baranoa"]
[Date "2017.02.12"]
[Round "5.2"]
[White "Castro, Dayana"]
[Black "De la Asuncion Ortiz, Angel Mario"]
[Result "0-1"]
[WhiteElo "1543"]
[BlackElo "1679"]
[PlyCount "75"]
[EventDate "2017.02.11"]
[EventType "swiss"]
[EventRounds "5"]
[EventCountry "COL"]
[SourceTitle "EXT 2024"]
[Source "ChessBase"]
[SourceDate "2023.10.10"]
[SourceVersion "1"]
[SourceVersionDate "2023.10.10"]
[SourceQuality "1"]

1. d4 d5 2. c4 e6 3. Nc3 Nf6 4. Bg5 Be7 5. cxd5 exd5 6. e3 c6 7. Bd3 0-0 8. Qc2 Nbd7 9. Nge2 Re8 10. 0-0 Nf8 11. f3 Ne6 12. Bxf6 Bxf6 13. Bxh7+ Kh8 14. Bd3 Bd7 15. Ng3 Rc8 16. Nf5 Qc7 17. Rac1 g6 18. Ng3 Kg7 19. Kf2 Nxd4 20. Qd2 Qd6 21. Rfe1 Ne6 22. Bb1 Rh8 23. Rh1 Be5 24. Nce2 Rh7 25. h3 d4 26. exd4 Bxg3+ 27. Nxg3 Qxd4+ 28. Qxd4+ Nxd4 29. Rhd1 c5 30. Ne2 Nxe2 31. Kxe2 Bb5+ 32. Bd3 c4 33. Be4 b6 34. Rc3 Ba6 35. a3 Rhh8 36. Rd4 Rcd8 37. Rxd8 Rxd8 38. Ke3 0-1

[Event "Atlantico Region-ch U18"]
[Site "Baranoa"]
[Date "2017.02.11"]
[Round "1.2"]
[White "Fabregas Bolivar, Kennett"]
[Black "De la Asuncion Ortiz, Angel Mario"]
[Result "0-1"]
[WhiteElo "1346"]
[BlackElo "1679"]
[PlyCount "109"]
[EventDate "2017.02.11"]
[EventType "swiss"]
[EventRounds "5"]
[EventCountry "COL"]
[SourceTitle "EXT 2024"]
[Source "ChessBase"]
[SourceDate "2023.10.10"]
[SourceVersion "1"]
[SourceVersionDate "2023.10.10"]
[SourceQuality "1"]

1. e4 e5 2. Nf3 Nc6 3. Be2 Bc5 4. d3 d6 5. a3 Nge7 6. b4 Bb6 7. c3 Bg4 8. Bg5 f6 9. Be3 Qd7 10. h3 Bxf3 11. Bxf3 Bxe3 12. fxe3 d5 13. d4 dxe4 14. Bxe4 f5 15. Bf3 0-0-0 16. Nd2 e4 17. Be2 Nd5 18. Nf1 Nxc3 19. Qd2 Nxe2 20. Qxe2 a6 21. Ng3 Nxd4 22. exd4 Qxd4 23. Rc1 f4 24. Nxe4 Rhe8 25. Rc4 Rxe4 26. Rxd4 Rdxd4 27. Kf2 Rxe2+ 28. Kxe2 g5 29. Rd1 Re4+ 30. Kf1 Re3 31. a4 Re4 32. Rb1 a5 33. bxa5 Rxa4 34. Rb5 h6 35. Kf2 Ra3 36. Re5 Kd7 37. Rf5 Re3 38. Rf6 Re6 39. Rf5 Kd6 40. h4 Rg6 41. h5 Re6 42. Kf3 Re3+ 43. Kf2 Re5 44. Rf6+ Re6 45. Rf5 c5 46. Rf7 Kc6 47. Rg7 c4 48. Rg6 Rd6 49. Ke2 Kc5 50. Ke1 Ra6 51. Kd2 Kd4 52. Kc2 c3 53. Rg7 Rxa5 54. Rd7+ Ke3 55. Kxc3 0-1

[Event "COL-ch U18 m sf1"]
[Site "Medellin"]
[Date "2016.04.23"]
[Round "5.3"]
[White "Jinete Morales, Jossie Jose"]
[Black "De la Asuncion Ortiz, Angel Mario"]
[Result "1-0"]
[WhiteElo "1601"]
[BlackElo "1645"]
[PlyCount "82"]
[EventDate "2016.04.21"]
[EventType "swiss"]
[EventRounds "5"]
[EventCountry "COL"]
[SourceTitle "EXT 2024"]
[Source "ChessBase"]
[SourceDate "2023.10.10"]
[SourceVersion "1"]
[SourceVersionDate "2023.10.10"]
[SourceQuality "1"]

1. d4 d5 2. e3 Nf6 3. f4 e6 4. Nd2 b6 5. Ngf3 Bb7 6. Bd3 Nbd7 7. Ne5 Ne4 8. Qf3 Ndf6 9. Bb5+ Ke7 10. Bc6 Qc8 11. Qe2 Bxc6 12. Nxc6+ Ke8 13. 0-0 Bd6 14. Nxe4 Nxe4 15. Qg4 g6 16. Qh4 h5 17. b3 Qd7 18. Ne5 Bxe5 19. fxe5 Qe7 20. Qxe7+ Kxe7 21. Ba3+ Ke8 22. Rac1 b5 23. Bb4 a5 24. Be1 Rh7 25. c4 c6 26. Rc2 Ra7 27. Bf2 bxc4 28. bxc4 dxc4 29. Rfc1 c3 30. Be1 Kd7 31. Bxc3 Nxc3 32. Rxc3 Ra6 33. Ra3 Kc7 34. Rc5 Kb6 35. Kf2 g5 36. Kf3 g4+ 37. Kg3 h4+ 38. Kxg4 Rg7+ 39. Kh3 Ra8 40. Rb3+ Kc7 41. Rbc3 Ra6 1-0

[Event "COL-ch Superate B"]
[Site "Colombia"]
[Date "2015.10.15"]
[Round "3.3"]
[White "Gallego, Julian Andres"]
[Black "De la Asuncion Ortiz, Angel Mario"]
[Result "1-0"]
[WhiteElo "1825"]
[BlackElo "1719"]
[PlyCount "95"]
[EventDate "2015.10.15"]
[EventType "swiss (rapid)"]
[EventRounds "6"]
[EventCountry "COL"]
[SourceTitle "EXT 2024"]
[Source "ChessBase"]
[SourceDate "2023.10.10"]
[SourceVersion "1"]
[SourceVersionDate "2023.10.10"]
[SourceQuality "1"]

1. d4 d5 2. c4 e6 3. Nc3 Nf6 4. Nf3 Be7 5. Bf4 b6 6. e3 Bb7 7. Bd3 dxc4 8. Bxc4 0-0 9. 0-0 Nbd7 10. d5 exd5 11. Nxd5 c5 12. Nxe7+ Qxe7 13. Bd6 Qe4 14. Bd3 Qg4 15. Bxf8 Rxf8 16. h3 Bxf3 17. hxg4 Bxd1 18. Rfxd1 Ne5 19. g5 Nfg4 20. Bf5 g6 21. Bxg4 Nxg4 22. Rd5 f6 23. gxf6 Rxf6 24. Rf1 a6 25. Rg5 h5 26. Rd1 Kg7 27. Rf1 Rd6 28. Re1 Kf6 29. f4 Kg7 30. f5 Kh6 31. Rxg6+ Rxg6 32. fxg6 Kxg6 33. e4 Ne5 34. Rf1 b5 35. Rf5 Nd3 36. b3 a5 37. Rd5 c4 38. bxc4 bxc4 39. Rxa5 c3 40. Ra6+ Kg5 41. Rc6 Nc1 42. a4 Kf4 43. a5 Ke3 44. a6 Kd3 45. a7 Ne2+ 46. Kf2 c2 47. Rxc2 Kxc2 48. Kxe2 1-0

[Event "COL-ch Superate B"]
[Site "Colombia"]
[Date "2015.10.14"]
[Round "5.9"]
[White "De la Asuncion Ortiz, Angel Mario"]
[Black "Diaz, Camilo Andres"]
[Result "1-0"]
[WhiteElo "1719"]
[BlackElo "1554"]
[PlyCount "57"]
[EventDate "2015.10.14"]
[EventType "swiss (blitz)"]
[EventRounds "12"]
[EventCountry "COL"]
[SourceTitle "EXT 2024"]
[Source "ChessBase"]
[SourceDate "2023.10.10"]
[SourceVersion "1"]
[SourceVersionDate "2023.10.10"]
[SourceQuality "1"]

1. d4 d5 2. c4 dxc4 3. Nf3 Nf6 4. Nc3 Bf5 5. e3 b5 6. Nxb5 Kd7 7. Bxc4 Ke8 8. Qa4 c6 9. Nc3 e6 10. Ne5 Qc7 11. Bd2 Ne4 12. Nxe4 Bxe4 13. f3 Bg6 14. Ba5 Qc8 15. 0-0 f6 16. Nxg6 hxg6 17. d5 exd5 18. Bxd5 Bc5 19. Qe4+ Kf8 20. Be6 Qe8 21. Rac1 f5 22. Bxf5 Qxe4 23. Bxe4 Bxe3+ 24. Kh1 Bxc1 25. Rxc1 Na6 26. Rxc6 Rb8 27. Rxa6 Rxb2 28. h3 Rxa2 29. Bb4+ 1-0

[Event "Bogota Superate Cat B Avanzado"]
[Site "Bogota"]
[Date "2015.10.14"]
[Round "5.12"]
[White "De la Asuncion Ortiz, Angel Mario"]
[Black "Florez Castro, Estiven"]
[Result "0-1"]
[WhiteElo "1669"]
[BlackElo "1738"]
[PlyCount "86"]
[EventDate "2015.10.12"]
[EventType "swiss"]
[EventRounds "5"]
[EventCountry "COL"]
[SourceTitle "EXT 2024"]
[Source "ChessBase"]
[SourceDate "2023.10.10"]
[SourceVersion "1"]
[SourceVersionDate "2023.10.10"]
[SourceQuality "1"]

1. d4 Nf6 2. c4 e6 3. Nc3 Bb4 4. Bg5 h6 5. Bd2 0-0 6. Nf3 b6 7. g3 Bb7 8. Bg2 d6 9. 0-0 Nbd7 10. a3 Bxc3 11. Bxc3 Ne4 12. d5 Nxc3 13. bxc3 e5 14. e4 Ba6 15. Nd2 Qe7 16. f4 exf4 17. Rxf4 Ne5 18. Qa4 Bc8 19. Raf1 Bd7 20. Qd1 Rae8 21. Qe2 Ng6 22. R4f2 Qe5 23. Qd3 Qh5 24. Nf3 Bh3 25. Nh4 Bxg2 26. Nxg2 Ne5 27. Qe2 Qxe2 28. Rxe2 Nxc4 29. a4 a5 30. Ne1 Re7 31. Nc2 Rfe8 32. Rfe1 Ne5 33. Nd4 Nd3 34. Rd1 Nc5 35. Rde1 Rxe4 36. Rxe4 Rxe4 37. Rxe4 Nxe4 38. Nb5 Kf8 39. Kf1 Ke7 40. c4 Kd7 41. Nd4 g6 42. Ke2 Nc3+ 43. Kd3 Nxa4 0-1

[Event "COL-ch Superate B"]
[Site "Colombia"]
[Date "2015.10.14"]
[Round "4.8"]
[White "De la Asuncion Ortiz, Angel Mario"]
[Black "Gallego, Julian Andres"]
[Result "0-1"]
[WhiteElo "1719"]
[BlackElo "1825"]
[PlyCount "136"]
[EventDate "2015.10.14"]
[EventType "swiss (blitz)"]
[EventRounds "12"]
[EventCountry "COL"]
[SourceTitle "EXT 2024"]
[Source "ChessBase"]
[SourceDate "2023.10.10"]
[SourceVersion "1"]
[SourceVersionDate "2023.10.10"]
[SourceQuality "1"]

1. d4 d5 2. c4 Nf6 3. Nc3 c6 4. e3 e6 5. c5 Nbd7 6. Bd2 b6 7. b4 Bb7 8. Nf3 a5 9. a3 axb4 10. axb4 bxc5 11. bxc5 Be7 12. Bd3 0-0 13. 0-0 h6 14. h3 Qc7 15. Qc2 Rfb8 16. Rfb1 Bc8 17. Ne2 Rxb1+ 18. Qxb1 Rb8 19. Qc2 e5 20. Ba5 Qa7 21. Bc3 Qc7 22. dxe5 Ne8 23. Bd4 Qb7 24. Rb1 Qxb1+ 25. Qxb1 Rxb1+ 26. Bxb1 Bxc5 27. Nd2 Bb4 28. Nf3 Ba6 29. Nc1 Nc7 30. Na2 Ba5 31. Bf5 Ne6 32. Bb2 c5 33. Nc1 Bc4 34. Ba3 g6 35. Bxe6 fxe6 36. g3 Kf7 37. Kg2 Nb6 38. Bxc5 Na4 39. Bd6 Bc3 40. Ng1 Bb2 41. Nce2 Nc3 42. f4 Nxe2 43. Nxe2 Bxe2 44. Kf2 Bc4 45. Ke1 Bc1 46. Kf2 g5 47. Bc5 gxf4 48. exf4 Kg6 49. Bd4 Kf5 50. Kf3 Bd3 51. g4+ Kg6 52. Bc5 Be4+ 53. Kg3 Bd2 54. Bf2 Bc3 55. h4 d4 56. h5+ Kf7 57. Bg1 d3 58. Be3 d2 59. Bxd2 Bxd2 60. Kf2 Bxf4 61. Kf1 Bxe5 62. Kf2 Bd4+ 63. Kg3 e5 64. Kh3 Bd3 65. Kg3 e4 66. Kf4 Bg1 67. Kg3 e3 68. Kf4 e2 0-1

[Event "COL-ch Superate B"]
[Site "Colombia"]
[Date "2015.10.14"]
[Round "6.9"]
[White "Diaz, Camilo Andres"]
[Black "De la Asuncion Ortiz, Angel Mario"]
[Result "0-1"]
[WhiteElo "1554"]
[BlackElo "1719"]
[PlyCount "72"]
[EventDate "2015.10.14"]
[EventType "swiss (blitz)"]
[EventRounds "12"]
[EventCountry "COL"]
[SourceTitle "EXT 2024"]
[Source "ChessBase"]
[SourceDate "2023.10.10"]
[SourceVersion "1"]
[SourceVersionDate "2023.10.10"]
[SourceQuality "1"]

1. e4 e5 2. Nf3 Nc6 3. Nc3 Bc5 4. Bc4 d6 5. d3 Bg4 6. h3 Bh5 7. a4 a5 8. Qe2 Qd7 9. Be3 Nd4 10. Bxd4 Bxd4 11. 0-0-0 Nf6 12. g4 Bg6 13. Ng5 Bxc3 14. bxc3 Qxa4 15. h4 h6 16. h5 hxg5 17. hxg6 Rxh1 18. Bxf7+ Kf8 19. Rxh1 Qa1+ 20. Kd2 Qxh1 21. f3 c6 22. Qf2 c5 23. d4 Qh4 24. Qe2 exd4 25. cxd4 cxd4 26. Qd3 Qf2+ 27. Kc1 Qe3+ 28. Kb2 Qxd3 29. cxd3 a4 30. Ka3 Nd7 31. Bd5 Nc5 32. Bc4 Rb8 33. Kb4 a3 34. Kxa3 b5 35. Bd5 Nxd3 36. Kb3 Ne1 0-1